Statistics for Mountains of Europe by Prominence

Click here to take the quiz!

General Stats

  • This quiz has been taken 5 times
  • The average score is 6 of 30

Answer Stats

Prominence [m]PeakHeight [m]Mountain rangeCountry% Correct
4695Mont Blanc4808Graian AlpsFrance
100%
2423Grossglockner3798Hohe TauernAustria
60%
2052Triglav2864Julian AlpsSlovenia
40%
2280Finsteraarhorn4274Bernese AlpsSwitzerland
20%
2045Barre des Ecrins4102Dauphiné AlpsFrance
20%
2046Moldoveanu2544FăgăraşRomania
20%
2062Monte Viso3841Cottian AlpsItaly
20%
2119Hvannadalshnúkur / Öræfajökull2119Mid-Atlantic RidgeIceland
20%
2136Hoher Dachstein2995Austria
20%
2165Dufourspitze4634Pennine AlpsSwitzerland
20%
2169Korab2764Albania/Macedonia
20%
2261Wildspitze3768Ötztal AlpsAustria
20%
3326Etna3326Italy
20%
2277Beerenberg2277Mid-Atlantic RidgeNorway
20%
2351Pico2351Mid-Atlantic RidgePortugal
20%
2356Gerlachovský štít2654High TatrasSlovakia
20%
2372Galdhøpiggen2469JotunheimenNorway
20%
2456Timios Stavros2456Greece
20%
2473Musala2925RilaBulgaria
20%
2476Corno Grande2912Gran Sasso, ApennineItaly
20%
2706Monte Cinto2706France
20%
2812Pico Aneto3404PyreneesSpain
20%
3285Mulhacén3479Sierra NevadaSpain
20%
2344Profitis Ilias / Taygetus2404Greece
0%
2355Olympos2919Greece
0%
2234Piz Bernina4049Switzerland
0%
2181Hochkönig2941Berchtesgaden AlpsAustria
0%
2131Marmolada3343DolomitesItaly
0%
2103Parângu Mare2519Romania
0%
2038Páchnes2453Lefka OriGreece
0%

Score Distribution

Percentile by Number Answered

Percent of People with Each Score

Your Score History

You have not taken this quiz